000 00552nam a2200181 a 4500
001 000042760
005 20201002040358.0
008 140207s1984 sp ac 000 0 spa d
020 _a8440083149
040 _aDO-SdBNP
_bspa
_cBNPHU
082 _axxx
_bxxx, 1984
100 1 _aMoreno Chicharro, Francisco
_970101
245 1 0 _aCaminos de sigüenza y atienza /
_cFrancisco Moreno Chicharro; Sebastián Sanz.
250 _a5a ed.
260 _aMadrid :
_b[s.n.],
_c1984.
300 _a304 p. :
_bil., retrs. ;
_c20 cm.
700 1 2 _aSanz, Sebastián
_970102
999 _c42249
_d42249